000 00870nam a2200253Ia 4500
003 OSt
005 20220926015113.0
006 a|||||r|||| 00| 0
007 ta
008 220923b |||||||| |||| 00| 0 eng d
020 _a1594545537
_c3956.5
037 _b0167, 09/03/2009, Insat Books & Periodicals
_cGeneral Book
040 _aRTL
_cRTL
_beng
041 _2eng
_aeng
082 _aY9(Q):(W82).1.P, P6
100 _aKuriakose K.K Ed.
_9321609
245 0 _aReligion, Terrorism and Globalization Nonviolence
_b A new agenda.
260 _aNew York
_bNova Science Publishers
_c2006
300 _axix, 300p.
_ccm.
500 _aBibliography Chapterwise; Glossary: P279-284
650 _aSociology
942 _hY9(Q):(W82).1.P, P6
_cGB
_2CC
999 _c630569
_d630569